| 000 | 01055cam a2200337 a 4500 | ||
|---|---|---|---|
| 001 | 6884155 | ||
| 005 | 20170105102351.0 | ||
| 008 | 040727s2004 nyu 000 0 eng | ||
| 015 |
_aGBA599953 _2bnb |
||
| 016 | 7 |
_a012960200 _2Uk |
|
| 020 | _a0195171497 (pbk.) | ||
| 020 | _a9780195171495 (pbk.) | ||
| 035 | _a(OCoLC)ocm62468699 | ||
| 035 | _a(NNC)6884155 | ||
| 040 |
_aUKM _cUKM _dBTCTA _dBAKER _dYDXCP _dOCLCG |
||
| 042 | _aukblsr | ||
| 082 | 0 | 4 |
_a658.15 _222 |
| 245 | 0 | 0 |
_aStudy guide for Engineering economic analysis _cDonald G. Newnan, Ed Wheeler. |
| 250 | _a9th ed. | ||
| 260 |
_aNew York ; _aOxford: _bOxford University Press, _c2004. |
||
| 300 |
_avi, 250, [32] p. ; _c24 cm. |
||
| 500 | _aIncludes index | ||
| 650 | 0 |
_aEngineering economy _vProblems, exercises, etc. |
|
| 700 | 1 |
_aNewnan, Donald G. _tEngineering economic analysis. _s9th ed. |
|
| 700 | 1 |
_aWheeler, Ed _q(Edward W.) |
|
| 942 |
_2ddc _cBK |
||
| 948 | 1 |
_a20080917 _bc _crad1 _dMPS |
|
| 948 | 2 |
_a20080917 _ba _crad1 _dMPS |
|
| 948 | 2 |
_a20080917 _ba _crad1 _dMPS |
|
| 999 |
_c11957 _d11957 |
||